000 00314nam a22001337a 4500
008 181023b xxu||||| |||| 00| 0 eng d
020 _a9781591944232
041 _aeng
080 _a371
100 _a46
101 _aEDU
245 _aTen Steps to Improving College Reading Skills
_cLangan, J
942 _2udc
_cBK
999 _c50615
_d50615